000 00341nam a22001217a 4500
040 _cRUA
082 _aOXF LIZ 2009 C160 Or.
100 _aLIZ AND JOHN SOARS,
245 _aThe Fourth Edition New Headway Elementary Student's Book
260 _aPHNOM PENH
_bRUA
_c2009
300 _a159p.
_bill.
_c29cm.
942 _cសៀវភៅគោល
999 _c25511
_d25511